MAASAI MARA UNIVERSITY

LIBRARY CATALOGUE

Contact Us: +254 020 2685356/7 or 0774 057787

Box: 861-20500, NAROK, KENYA

Email: info@mmarau.ac.ke

Pascale T. Richard (Record no. 3385)

MARC details
000 -LEADER
fixed length control field 00468nam a2200145Ia 4500
008 - FIXED-LENGTH DATA ELEMENTS--GENERAL INFORMATION
fixed length control field 151015s9999 xx 000 0 und d
020 ## - INTERNATIONAL STANDARD BOOK NUMBER
International Standard Book Number 812933168
050 ## - LIBRARY OF CONGRESS CALL NUMBER
Classification number T 56.P355 2000
245 ## - TITLE STATEMENT
Title Pascale T. Richard
250 ## - EDITION STATEMENT
Edition statement _Surfing the Edge of Chaos The laws of Nature and the new laws of business Richard T. Pascale
300 ## - PHYSICAL DESCRIPTION
Extent New York Crown business 2000
500 ## - GENERAL NOTE
General note Include index
650 ## - SUBJECT ADDED ENTRY--TOPICAL TERM
Topical term or geographic name as entry element _Management science
700 ## - ADDED ENTRY--PERSONAL NAME
Personal name ^d20120814 10:05:42^okorir

No items available.

© 2016 Maasai Mara University.